Foundation of (Record no. 3)

MARC details
000 -LEADER
fixed length control field 00322nam a22001097a 4500
008 - FIXED-LENGTH DATA ELEMENTS--GENERAL INFORMATION
fixed length control field 160617b xxu||||| |||| 00| 0 eng d
100 ## - MAIN ENTRY--PERSONAL NAME
9 (RLIN) 3
Personal name Koshy.Z, Sonymol
245 ## - TITLE STATEMENT
Title Foundation of
Remainder of title Computers Made Friendly
260 ## - PUBLICATION, DISTRIBUTION, ETC. (IMPRINT)
Place of publication, distribution, etc. Noida
Name of publisher, distributor, etc. Cordova
300 ## - PHYSICAL DESCRIPTION
Extent According to the latest CBSE syllabus and NCERT guidelines
942 ## - ADDED ENTRY ELEMENTS (KOHA)
Source of classification or shelving scheme Dewey Decimal Classification
Koha item type BOOK
Holdings
Withdrawn status Lost status Source of classification or shelving scheme Damaged status Not for loan Home library Current library Shelving location Date acquired Total Checkouts Full call number Barcode Date last seen Date last checked out Price effective from Koha item type
    Dewey Decimal Classification     Good Samaritan School Library Good Samaritan School Library   06/17/2016 4 004.0 KDS10397 03/21/2017 03/21/2017 06/17/2016 BOOK

Powered by Koha